| 000 | 00640nam a22001937a 4500 | ||
|---|---|---|---|
| 003 | OSt | ||
| 005 | 20250621010201.0 | ||
| 008 | 250621b |||||||| |||| 00| 0 eng d | ||
| 020 | _a978-621-427-031-6 | ||
| 040 |
_aDWCL - Main lib _cOC |
||
| 082 | _aFil. 005.133 L438 2018 | ||
| 100 | _aMarmelo V. Abante | ||
| 245 |
_a Learning Microsoft Visual C / _cMarmelo V. Abante |
||
| 260 |
_aManila , Philippines : _b Library Services & Publishing inc, _cc2018 |
||
| 300 |
_avi , 469 pages : _b illustrations ; _c25cm. |
||
| 650 | _a1. C# ( Computer program language) | ||
| 650 | _a2. Microsoft Visual C# NET | ||
| 942 |
_2ddc _cBK - FIL _kFil. _n0 |
||
| 999 |
_c3207 _d3207 |
||